Statistics for Countries by Top 100 Universities 2020

Click here to take the quiz!

General Stats

  • This quiz has been taken 1,966 times
  • The average score is 17 of 20

Answer Stats

Country% Correct
UK
99%
USA
99%
China
98%
France
97%
Japan
97%
Canada
96%
Germany
96%
Australia
92%
Russia
91%
South Korea
90%
Sweden
90%
Netherlands
85%
Switzerland
83%
Belgium
82%
Denmark
81%
New Zealand
79%
Singapore
71%
Taiwan
63%
Argentina
52%
Malaysia
41%

Score Distribution

Percentile by Number Answered

Percent of People with Each Score

Your Score History

You have not taken this quiz